<?xml version="1.0" encoding="UTF-8"?>
<marc:record xmlns:marc="http://www.loc.gov/MARC21/slim">
   <marc:leader>00000nam a2200000 a 4500</marc:leader>
   <marc:datafield ind1="1" ind2=" " tag="100">
      <marc:subfield code="a">Koinegg, Karlheinz</marc:subfield>
      <marc:subfield code="4">aut</marc:subfield>
      <marc:subfield code="e">Verfasser/-in</marc:subfield>
   </marc:datafield>
   <marc:datafield ind1="0" ind2="0" tag="245">
      <marc:subfield code="a">Sankt Brandans wundersame Meerfahrt</marc:subfield>
   </marc:datafield>
   <marc:datafield ind1="0" ind2="0" tag="245">
      <marc:subfield code="c">Koinegg, Karlheinz</marc:subfield>
   </marc:datafield>
   <marc:datafield ind1=" " ind2="1" tag="264">
      <marc:subfield code="c">2005</marc:subfield>
   </marc:datafield>
   <marc:datafield ind1="1" ind2=" " tag="520">
      <marc:subfield code="a">Ein Mann, der mitten im Meer auf einem kleinen Stück Rasen sitzt, das "Höllen"-Spiel der Red Devils gegen die Paradise Rangers, das Klebermeer und der Magnetberg, wirklich sonderbare Dinge begegnen dem Mönch Sankt Brandan auf seiner siebenjährigen Odyssee.&#xD;
Dabei sind er und seine Mitbrüder doch eigentlich nur auf der Suche nach dem Paradies, wo sie das verloren gegangene Buch Gottes vermuten.&#xD;
Karlheinz Koinegg hat die irische Legende in ein witziges Hörspektakel verwandelt. Also bitte nicht wundern, wenn ein riesengroßer Kürbis mit an Bord ist oder "Höllen-Paule" als Fußball-Kommentator auftritt.</marc:subfield>
   </marc:datafield>
   <marc:datafield ind1=" " ind2=" " tag="020">
      <marc:subfield code="a">9783899406399</marc:subfield>
      <marc:subfield code="9">9783899406399</marc:subfield>
   </marc:datafield>
   <marc:datafield ind1=" " ind2=" " tag="041">
      <marc:subfield code="a">ger</marc:subfield>
   </marc:datafield>
   <marc:datafield ind1=" " ind2=" " tag="300">
      <marc:subfield code="a">1 CD</marc:subfield>
   </marc:datafield>
</marc:record>
